Statistics for Paul Wesley Filmography

Click here to take the quiz!

General Stats

  • This quiz has been taken 5 times
    (2 since last reset)
  • The average score is 2 of 42

Answer Stats

yearrolemovie/ Tv show% Correct
2009-2017Stefan Salvatore/ Silas/ Tom Avery/ Ambrose/ Marty HammondThe Vampire Diaries
100%
2009-2010Stephen24
50%
2003DonnieThe O.C.
50%
2003-2004Damian8 Simple Rules
0%
2002-2005Tommy DeFeliceAmerican Dreams
0%
2014CharlieAmira & Sam
0%
1999Sean McKinnonAnother World
0%
2008-2009PFC Logan AtwaterArmy Wives
0%
2014GideonBefore I Disappear
0%
2010CraigBeneath the Blue
0%
2007NickCane
0%
2008Petey MurphyCold Case
0%
2006Quentin BakerCrossing Jordan
0%
2004Jack Warner BradfordCSI: Miami
0%
2005Steve SamprassCSI: NY
0%
2009BillyElsewhere
0%
2003-2004Tommy CallahanEverwood
0%
2018JoshFabled
0%
2006-2007Aaron Corbett ( Mini series as movie length)Fallen
0%
1999-2000Max NickersonGuiding Light
0%
2008Jake TannerKiller Movie
0%
2002Luke MillerLaw & Order: Criminal Intent
0%
2000-2005Luke Breslin/ Danny BurrellLaw & Order: Special Victims Unit
0%
2006Rick LausierLenexa, 1 Mile
0%
2018Clint RomeshaMedal of Honor
0%
2002Nathan with BicycleMinority Project
0%
2016KevinMothers and Daughters
0%
2006TrevorPeaceful Warrior
0%
2005TroyRoll Bounce
0%
2007Justin BishopShark
0%
2001Gary (age 15-22) as Paul wasilewskiShot in the Heart
0%
2003Lucas LuthorSmallville
0%
2018-presentEddie LongoTell Me a Story
0%
2012ReeseThe Baytown Outlaws
0%
2003HimselfThe Edge
0%
2002CraigThe Education of Max Bickford
0%
2004SethThe Last Run
0%
2016CharlieThe Late Bloomer
0%
2016Stefan SalvatoreThe Originals
0%
2008Evan CarrollThe Russell Girl
0%
2001-2002Luke CatesWolf Lake
0%
2002LancelotYoung Arthur
0%

Score Distribution

Percentile by Number Answered

Percent of People with Each Score

Your Score History

You have not taken this quiz since the last reset